Nhạc tuồng /
Cuốn sách giới thiệu về tuồng hát bội, các loại nhạc sử dụng trong nghệ thuật tuồng như nhạc tòng, nhạc dạo, dạo xuân, nhạc đệm các "bài bản"...
Guardat en:
| Autor principal: | |
|---|---|
| Format: | Llibre |
| Idioma: | Vietnamese |
| Publicat: |
Đà Nẵng :
Nxb Đà Nẵng,
1997.
|
| Matèries: | |
| Etiquetes: |
Afegir etiqueta
Sense etiquetes, Sigues el primer a etiquetar aquest registre!
|
| Thư viện lưu trữ: | Mạng thư viện Đại học Đà Nẵng |
|---|
| LEADER | 01023cam a2200349 i 4500 | ||
|---|---|---|---|
| 001 | 000046751 | ||
| 003 | 6259 | ||
| 005 | 20030220104713.0 | ||
| 008 | 010306|1997 vm 000 vie | ||
| 020 | |c 50000 | ||
| 022 | |a T | ||
| 040 | |a IRC |c IRC |d IRC | ||
| 041 | 0 | |a vie | |
| 082 | 1 | 4 | |a 782.8 |b TR-H |
| 100 | 1 | |a Trần Hồng. | |
| 245 | 0 | 0 | |a Nhạc tuồng / |c Trần Hồng. |
| 260 | |a Đà Nẵng : |b Nxb Đà Nẵng, |c 1997. | ||
| 300 | |a 220Tr. ; |c 20,5cm. | ||
| 520 | 3 | |a Cuốn sách giới thiệu về tuồng hát bội, các loại nhạc sử dụng trong nghệ thuật tuồng như nhạc tòng, nhạc dạo, dạo xuân, nhạc đệm các "bài bản"... | |
| 630 | 0 | 4 | |a Nhạc sân khấu. |
| 630 | 0 | 4 | |a Nhạc tuồng. |
| 650 | 0 | 4 | |a Nhạc tuồng |z Việt Nam. |
| OWN | |a DUT | ||
| 999 | |a From the UDN01 | ||
| TYP | |a Monograph | ||
| TYP | |a Printed language | ||
| 980 | |a Mạng thư viện Đại học Đà Nẵng | ||